000 00776cam a22002653a 4500
001 14901
003 PGUSA
005 20140828083322.0
008 050204s2005||||xxu|||||s|||||000 | eng d
040 _aPGUSA
_beng
042 _adc
050 4 _aRC
100 1 _aBriggs, Isaac George,
_d1892-
245 1 0 _aEpilepsy, Hysteria, and Neurasthenia :
_bTheir Causes, Symptoms, and Treatment
_h[electronic resource] /
_cIsaac George Briggs
260 _bProject Gutenberg,
_c2005
506 _aPublic domain in the USA.
516 _aElectronic text
653 _aHysteria
653 _aNervous system -- Diseases
653 _aEpilepsy
653 _aNeurasthenia
830 0 _aProject Gutenberg
_v14901
856 4 0 _uhttp://www.gutenberg.org/ebooks/14901
942 _cEB
999 _c244156
_d244156